|
|
|
|
| LEADER |
02252nim a2200589 i 4500 |
| 001 |
001550623 |
| 003 |
CZ BrMZK |
| 005 |
20161125065329.0 |
| 007 |
sd fungnnmmned |
| 008 |
161103t20162016xr ||nne z n cze |
| 015 |
|
|
|a cnb002841746
|
| 024 |
3 |
|
|a 8594185330035
|
| 040 |
|
|
|a BOA001
|b cze
|e rda
|
| 072 |
|
7 |
|a 821.111-3
|x Anglická próza, anglicky psaná
|2 Konspekt
|9 25
|
| 072 |
|
7 |
|a 821-93
|x Literatura pro děti a mládež (beletrie)
|2 Konspekt
|9 26
|
| 080 |
|
|
|a 398.43
|2 MRF
|
| 080 |
|
|
|a 17.02
|2 MRF
|
| 080 |
|
|
|a 821.111-32
|2 MRF
|
| 080 |
|
|
|a 821.111-34
|2 MRF
|
| 080 |
|
|
|a (086.7.053.2)
|2 MRF
|
| 080 |
|
|
|a (086.7)08
|2 MRF
|
| 080 |
|
|
|a (086.76)
|2 MRF
|
| 100 |
1 |
|
|a Wallace, Karen,
|d 1951-
|7 mzk2013751188
|4 aut
|
| 240 |
1 |
0 |
|a Fairies at bedtime.
|l Česky
|
| 245 |
1 |
0 |
|a Vílí pohádky na dobrou noc
|b inspirativní a okouzlující příběhy, které přinášejí radost, útěchu i poučení /
|c Karen Wallace, Lou Kuenzler ; z anglického originálu Fairies at bedtime přeložila Lucie Moučková
|
| 264 |
|
1 |
|a [Praha] :
|b Synergie,
|c [2016]
|
| 264 |
|
4 |
|c ©2016
|
| 300 |
|
|
|a 1 audiodisk (2 hod., 24 min., 8 sek.) ;
|c 12 cm
|
| 306 |
|
|
|a 022408
|
| 336 |
|
|
|a mluvené slovo
|b spw
|2 rdacontent
|
| 337 |
|
|
|a audio
|b s
|2 rdamedia
|
| 338 |
|
|
|a audiodisk
|b sd
|2 rdacarrier
|
| 344 |
|
|
|a digital
|b optical
|2 rda
|
| 347 |
|
|
|a audio soubor
|b MP3
|2 rda
|
| 500 |
|
|
|a Název z disku
|
| 508 |
|
|
|a Režie Helena Rytířová
|
| 511 |
0 |
|
|a Čte Lucie Moučková
|
| 518 |
|
|
|a Natočeno ve studiu Chevaliere, Řevnice
|
| 650 |
0 |
7 |
|a víly
|7 ph355592
|2 czenas
|
| 650 |
0 |
7 |
|a životní harmonie
|7 ph138147
|2 czenas
|
| 655 |
|
7 |
|a anglické příběhy
|7 fd131813
|2 czenas
|
| 655 |
|
7 |
|a anglické pohádky
|7 fd131809
|2 czenas
|
| 655 |
|
7 |
|a zvukové záznamy pro děti a mládež
|7 fd186726
|2 czenas
|
| 655 |
|
7 |
|a audioknihy
|7 fd119452
|2 czenas
|
| 655 |
|
7 |
|a kompaktní disky
|7 fd201991
|2 czenas
|
| 700 |
1 |
|
|a Kuenzler, Lou
|7 mzk2013751193
|4 aut
|
| 700 |
1 |
|
|a Moučková, Lucie
|7 xx0126293
|4 trl
|4 nrt
|
| 700 |
1 |
|
|a Rytířová, Helena,
|d 1951-
|7 mzk2008473203
|4 drt
|
| 910 |
|
|
|a BOA001
|b CDR-1377.236
|
| 990 |
|
|
|a AV
|
| 991 |
|
|
|b 201611
|c NOV
|
| 996 |
6 |
|
|b 2610687843
|c CDR-1377.236
|l MZK
|r Sklad / do 24 hodin
|n 1
|p p.v.
|w 001587090
|u 000010
|a 1
|e BOA001
|j MZK50
|s P
|